| 000 | 00365nam a2200145Ia 4500 | ||
|---|---|---|---|
| 005 | 20250729165803.0 | ||
| 008 | 250729s2017 xx 000 0 und d | ||
| 041 | _aeng | ||
| 082 | _a420.25 MARE | ||
| 100 |
_aA.Marve Cocampo _9233003 |
||
| 245 | _aEnglish Grammar | ||
| 260 |
_aNewdelhi _bW.R.Goyal Publishing _c2017 |
||
| 300 | _a263p | ||
| 650 |
_aEnglish _9233004 |
||
| 999 |
_c240064 _d240064 |
||